| 000 | 007900000a22002650004500 | ||
|---|---|---|---|
| 003 | LK-CoMWRAF | ||
| 008 | 230817t ||||| |||| 00| 0 eng d | ||
| 040 |
_aLK-CoMWRAF _dLK-CoMWRAF _eLK-CoMWRAF |
||
| 041 | _aeng | ||
| 082 |
_a152.7 _bKAM |
||
| 100 | _aKamel, Abdul Aziz | ||
| 245 |
_aIslam and Race Question _b |
||
| 260 |
_bIslamic Courts & Affairs _aQatar _c1970 |
||
| 300 | _ap.65 | ||
| 650 | _aAmong the Prophets, too, there is brotherhood | ||
| 650 | _aDegress of rank in the koran | ||
| 650 | _aExemplary men | ||
| 650 | _aFrom race to brotherhood | ||
| 650 | _aIn the Community they are as brothers | ||
| 650 | _aIslam and Learning | ||
| 650 | _aIslam and Responsibility | ||
| 650 | _aMan in his Natural Environment | ||
| 650 | _aMankind as one family | ||
| 942 | _cBK | ||
| 999 |
_c1997 _d1997 |
||